| 000 | 00825cam a2200157 4500500 | ||
|---|---|---|---|
| 005 | 20260111090440.0 | ||
| 041 | _afre | ||
| 042 | _adc | ||
| 100 | 1 | 0 |
_aVallin, Pierre _eauthor |
| 245 | 0 | 0 | _aSabine Jansen, Pierre Cot, un antifasciste radical, Fayard, 2002, 682 pages, 30 ? |
| 260 | _c2003. | ||
| 500 | _a58 | ||
| 520 | _aRésuméToute exposition est une interprétation. Or, la plupart des visiteurs acceptant ce qu’on leur montre comme un fait. Ils font confiance aux experts. Ils sont sous influence. Il leur est difficile d’accéder à une liberté de jugement. Dans un tel système culturel, quel sera le rôle des critiques d’art ? | ||
| 786 | 0 | _nÉtudes | 398 | 2 | 2003-02-01 | p. 266m-287m | 0014-1941 | |
| 856 | 4 | 1 | _uhttps://shs.cairn.info/revue-etudes-2003-2-page-266m?lang=fr&redirect-ssocas=7080 |
| 999 |
_c1618943 _d1618943 |
||